Rovné příležitosti žen a mužů ve výuce a vědě na vysokých školách a vyšších odborných školách v České republice
Pokračovanie článku z čísla 4/2006. Základné charakteristiky výberového súboru na vyšších odborných školách. Profil a sociálne postavenie pedagogických pracovníkov VOŠ. Hodnotenie školy verejnosťou. Používanie informačných a komunikačných technológií pri výučbe a motivácia k tomuto používaniu.
Na minha lista:
| Autor principal: | |
|---|---|
| Outros Autores: | , |
| Formato: | Capítulo de Livro |
| Idioma: | tcheco |
| Assuntos: | |
| Tags: |
Sem tags, seja o primeiro a adicionar uma tag!
|
MARC
| LEADER | 00000naa$a2200000$$$4500 | ||
|---|---|---|---|
| 001 | 0062579 | ||
| 005 | 20230919104745.3 | ||
| 041 | 0 | |a cze | |
| 044 | |a CZ | ||
| 245 | 1 | 0 | |a Rovné příležitosti žen a mužů ve výuce a vědě na vysokých školách a vyšších odborných školách v České republice |c Drahomíra Kraťková, Jana Motyková, Jarmila Baštová |
| 520 | |a Pokračovanie článku z čísla 4/2006. Základné charakteristiky výberového súboru na vyšších odborných školách. Profil a sociálne postavenie pedagogických pracovníkov VOŠ. Hodnotenie školy verejnosťou. Používanie informačných a komunikačných technológií pri výučbe a motivácia k tomuto používaniu. | ||
| 610 | 2 | 0 | |a školy odborné |
| 610 | 2 | 0 | |a výučba vedecká |
| 610 | 2 | 0 | |a kariéra |
| 610 | 2 | 0 | |a technológie informačné |
| 610 | 2 | 0 | |a technológie komunikačné |
| 610 | 2 | 0 | |a postavenie sociálne |
| 100 | 1 | |a Kraťková, Drahomíra | |
| 700 | 1 | |a Motyková, Jana | |
| 700 | 1 | |a Baštová, Jarmila | |